[Event "chess.com SpeedChess Q2Sw"]
[Site "chess.com INT"]
[Date "2022.11.12"]
[Round "8"]
[White "Jones, Gawain C B"]
[Black "Bortnyk, Olexandr"]
[Result "1/2-1/2"]
[WhiteTitle "GM"]
[BlackTitle "GM"]
[WhiteElo "2623"]
[BlackElo "2604"]
[WhiteFideId "409561"]
[BlackFideId "14120828"]
[EventDate "2022.11.12"]

1. e4 Nf6 2. e5 Nd5 3. d4 d6 4. c4 Nb6 5. f4 dxe5 6. fxe5 Bf5 7. Nc3 e6 8. Nf3
Bb4 9. Be2 c5 10. O-O cxd4 11. Nxd4 O-O 12. Nxf5 exf5 13. Qxd8 Rxd8 14. Nb5 Nc6
15. Be3 Nxe5 16. b3 g6 17. Nxa7 Nbd7 18. Nb5 Bc5 19. Bxc5 Nxc5 20. Nc7 Ra3 21.
Nd5 Rda8 22. Nc7 Rd8 23. Nd5 Rda8 24. Nc7 Nxb3 25. Rad1 Rc8 26. Nd5 Rxa2 27.
Ne7+ Kg7 28. Nxc8 Rxe2 29. Nd6 Rc2 30. Nxb7 Nxc4 31. Rf2 Rc3 32. Nd6 Ne3 33. Re1
Nd4 34. h3 g5 35. Rd2 Ndc2 36. Rc1 Kg6 37. Nb5 Rc4 38. Nd6 Rc5 39. Nb7 Rc7 40.
Na5 f4 41. Nb3 Rc4 42. Na5 Rc3 43. Rd6+ f6 44. Rc6 Rxc6 45. Nxc6 h5 46. Rb1 g4
47. Ne7+ Kf7 48. Rb7 Ke6 49. Ng6 Kf5 50. Ne7+ Ke4 51. hxg4 hxg4 52. Ng8 Ke5 53.
Re7+ Kd6 54. Rf7 f5 55. Rf6+ Ke5 56. Ra6 Nd4 57. Ne7 g3 58. Ng6+ Ke4 59. Ra4 Nc2
60. Kf1 Ke3 61. Ne5 Ke4 62. Nf3 Ke3 63. Nxd4 Nxd4 64. Ra3+ Ke4 65. Ra4 Ke5 66.
Ra5+ Kf6 67. Ra6+ Kg5 68. Ra4 Nb5 69. Ra8 Nd6 70. Rg8+ Kf6 71. Ra8 Ne4 72. Ra6+
Kg5 73. Ra4 Kg4 74. Ra3 Ng5 75. Ra4 Nf7 76. Ke2 Ne5 77. Rb4 Ng6 78. Rb6 Nh4 79.
Kf1 f3 80. gxf3+ Kh3 81. Rh6 g2+ 82. Kf2 g1=Q+ 83. Kxg1 Kg3 84. f4 Nf3+ 85. Kf1
Kxf4 86. Rh3 Ng5 87. Rh8 Ne6 88. Ra8 Nd4 89. Ra4 Ke3 90. Ra3+ Ke4 91. Kf2 Ne6
92. Ra4+ Nd4 93. Ra8 Kf4 94. Rd8 Ne6 95. Re8 Ng5 96. Rf8 Ne4+ 97. Ke2 Ng5 98.
Ra8 Ne4 99. Ra4 Kg5 100. Ke3 Nf6 101. Ra8 Ng4+ 102. Kf3 Ne5+ 103. Ke3 Ng4+ 104.
Kd4 Kf4 105. Re8 Nf6 106. Re1 Ng4 107. Rf1+ Kg5 108. Kd3 Ne5+ 109. Ke3 Ng4+ 110.
Ke2 Ne5 111. Kf2 Ng4+ 112. Kg3 Nf6 113. Kf3 Ng4 114. Rg1 Kf6 115. Kf4 Ne5 116.
Ra1 Ng6+ 117. Kf3 Ne5+ 118. Ke3 Kg5 119. Rg1+ Ng4+ 120. Kf3 Kf6 121. Kf4 Ne5
122. Rg8 Ng6+ 123. Kg3 Kg5 124. Kf3 Kf6 125. Ra8 Kg5 126. Ra5 Nh4+ 127. Kg3 Ng6
128. Rb5 Nh4 129. Rb8 Ng6 130. Rg8 Kf6 131. Kf3 Ne5+ 132. Kf2 Ng6 133. Ra8 Ne5
134. Ra5 Nc4 135. Ra6+ Kg5 1/2-1/2

[Event "chess.com SpeedChess Q2Sw"]
[Site "chess.com INT"]
[Date "2022.11.12"]
[Round "9"]
[White "Vemparala, Nikash"]
[Black "Manukyan, Artyom"]
[Result "0-1"]
[WhiteTitle "CM"]
[BlackTitle "CM"]
[WhiteElo "1976"]
[BlackElo "2110"]
[WhiteFideId "30960967"]
[BlackFideId "13305786"]
[EventDate "2022.11.12"]

1. e4 d5 2. exd5 e6 3. dxe6 Bxe6 4. d4 Nf6 5. Nf3 c6 6. c3 Bd6 7. Bd3 Qc7 8. Qc2
Nbd7 9. h3 O-O-O 10. Be3 Rhe8 11. Nbd2 Kb8 12. O-O-O Nd5 13. c4 Nb4 14. Qb3
Nxd3+ 15. Qxd3 g6 16. Kb1 Bf5 0-1

[Event "chess.com SpeedChess Q2Sw"]
[Site "chess.com INT"]
[Date "2022.11.12"]
[Round "9"]
[White "Fernandez Guillen, Ernesto J."]
[Black "Eynullayev, Atilla"]
[Result "1-0"]
[WhiteTitle "IM"]
[BlackTitle "FM"]
[WhiteElo "2462"]
[BlackElo "2281"]
[WhiteFideId "3512428"]
[BlackFideId "13413570"]
[EventDate "2022.11.12"]

1. e4 c5 2. Nf3 e6 3. d4 cxd4 4. Nxd4 a6 5. Bd3 Bc5 6. Nb3 Ba7 7. Nc3 Nc6 8. Qe2
d6 9. Be3 b5 10. O-O-O b4 11. Nb1 Nge7 12. h4 O-O 13. h5 a5 14. Bb5 Bxe3+ 15.
Qxe3 a4 16. Nd4 Qb6 17. Nxc6 Qxb5 18. Nxe7+ Kh8 19. h6 1-0

[Event "chess.com SpeedChess Q2Sw"]
[Site "chess.com INT"]
[Date "2022.11.12"]
[Round "9"]
[White "Janaszak, Dawid"]
[Black "Chernov, Mikhail"]
[Result "1-0"]
[WhiteTitle "FM"]
[BlackTitle "FM"]
[WhiteElo "2322"]
[BlackElo "2213"]
[WhiteFideId "1119206"]
[BlackFideId "24143170"]
[EventDate "2022.11.12"]

1. e4 c5 2. Nc3 Nc6 3. f4 g6 4. Nf3 Bg7 5. Bc4 d6 6. O-O e6 7. Qe1 Nge7 8. d3
Nd4 9. f5 Nxc2 10. Qh4 Bxc3 11. bxc3 Nxa1 12. Bg5 Nc2 13. Bf6 Rf8 14. Ng5 Ne3
15. fxe6 Nxf1 16. Bb5+ Bd7 17. Bxd7+ Qxd7 18. exd7+ Kxd7 19. Bxe7 Kxe7 20. Nxh7+
Kd7 21. Nxf8+ Rxf8 22. Kxf1 1-0

[Event "chess.com SpeedChess Q2Sw"]
[Site "chess.com INT"]
[Date "2022.11.12"]
[Round "9"]
[White "Eljanov, Pavel"]
[Black "Parkhov, Yair"]
[Result "1-0"]
[WhiteTitle "GM"]
[BlackTitle "IM"]
[WhiteElo "2706"]
[BlackElo "2470"]
[WhiteFideId "14102951"]
[BlackFideId "2813408"]
[EventDate "2022.11.12"]

1. e4 g6 2. d4 Bg7 3. Nc3 d6 4. Be3 a6 5. h4 h5 6. Bd3 Nc6 7. Nge2 e5 8. d5 Nce7
9. Qd2 f5 10. Bg5 Nf6 11. O-O-O b5 12. a3 Bd7 13. f4 Ng4 14. Ng3 O-O 15. exf5
Nxf5 16. Nxf5 Bxf5 17. Bxd8 1-0

[Event "chess.com SpeedChess Q2Sw"]
[Site "chess.com INT"]
[Date "2022.11.12"]
[Round "9"]
[White "Sattarov, Bobir"]
[Black "Eynullayev, Altay"]
[Result "0-1"]
[BlackTitle "FM"]
[WhiteElo "2433"]
[BlackElo "2214"]
[WhiteFideId "14203081"]
[BlackFideId "13413562"]
[EventDate "2022.11.12"]

1. e4 c5 2. Nc3 d6 3. Nf3 Nf6 4. e5 dxe5 5. Nxe5 a6 6. g3 Qc7 7. d4 e6 8. Bg2
Nbd7 9. Nxd7 Bxd7 10. O-O cxd4 11. Qxd4 Bc5 12. Qh4 O-O-O 13. Bf4 e5 14. Bg5 Be7
15. Ne4 Qb6 16. Be3 Qc7 17. Nxf6 gxf6 18. Qb4 Bxb4 0-1

[Event "chess.com SpeedChess Q2Sw"]
[Site "chess.com INT"]
[Date "2022.11.12"]
[Round "9"]
[White "Freile Martin, Javier"]
[Black "Selkirk, Rebecca"]
[Result "1-0"]
[WhiteTitle "FM"]
[BlackTitle "WCM"]
[WhiteElo "2329"]
[BlackElo "1674"]
[WhiteFideId "3600165"]
[BlackFideId "14306514"]
[EventDate "2022.11.12"]

1. d4 d5 2. c4 c6 3. Nf3 Nf6 4. e3 Bg4 5. Nbd2 e6 6. Qc2 Nbd7 7. Bd3 Be7 8. h3
Bh5 9. b3 Bg6 10. Bxg6 hxg6 11. Bb2 a5 12. O-O Qc7 13. Rfe1 Kf8 14. e4 Ne8 15.
e5 g5 16. Rac1 g6 17. cxd5 exd5 18. e6 Ndf6 19. exf7 Kxf7 20. Nxg5+ Kg8 21.
Qxg6+ Ng7 22. Qf7# 1-0

[Event "chess.com SpeedChess Q2Sw"]
[Site "chess.com INT"]
[Date "2022.11.12"]
[Round "9"]
[White "Musovic, Armin"]
[Black "Nenezic, Marko"]
[Result "0-1"]
[WhiteTitle "FM"]
[BlackTitle "IM"]
[WhiteElo "2276"]
[BlackElo "2510"]
[WhiteFideId "939935"]
[BlackFideId "912123"]
[EventDate "2022.11.12"]

1. e4 c5 2. c3 d5 3. exd5 Qxd5 4. Na3 Nf6 5. h3 e6 6. Nf3 Be7 7. Bb5+ Bd7 8. Bc4
Qd6 9. d4 a6 10. Nc2 cxd4 11. cxd4 O-O 12. O-O Bc6 13. Ne5 Bd5 14. Bd3 Qb6 15.
Bg5 Rd8 16. b3 Nc6 17. Be3 Qc7 18. Bf4 Bd6 19. Re1 Rac8 20. Rc1 Qb8 21. Nxc6
Rxc6 22. Be5 Nd7 23. Qh5 g6 24. Qg5 Rdc8 25. Nb4 Rxc1 26. Rxc1 Rxc1+ 27. Qxc1
Nxe5 28. dxe5 Bxb4 0-1

[Event "chess.com SpeedChess Q2Sw"]
[Site "chess.com INT"]
[Date "2022.11.12"]
[Round "9"]
[White "Walentukiewicz, Michal"]
[Black "Matamoros Franco, Carlos S."]
[Result "0-1"]
[WhiteTitle "CM"]
[BlackTitle "GM"]
[WhiteElo "2088"]
[BlackElo "2451"]
[WhiteFideId "1126903"]
[BlackFideId "3600017"]
[EventDate "2022.11.12"]

1. g3 g6 2. Bg2 Bg7 3. Nf3 Nf6 4. O-O O-O 5. c4 d6 6. Nc3 e5 7. d3 h6 8. Rb1 a5
9. a3 Re8 10. b4 axb4 11. axb4 e4 12. dxe4 Nxe4 13. Nxe4 Rxe4 14. Qb3 Rxe2 15.
Be3 Bf5 16. Rbc1 Rb2 17. Qd1 Nc6 18. b5 Nb4 19. Nd4 Raa2 20. Nxf5 gxf5 21. Bxb7
Nc2 22. Bf4 Nd4 23. Bf3 Rd2 24. Bxd2 Rxd2 25. Qa4 Nxf3+ 26. Kg2 Qe8 27. Rcd1 Qe4
28. Rxd2 Nh4+ 29. Kh3 Qg2+ 30. Kxh4 Qxh2# 0-1

[Event "chess.com SpeedChess Q2Sw"]
[Site "chess.com INT"]
[Date "2022.11.12"]
[Round "9"]
[White "Ter-Sahakyan, Samvel"]
[Black "Tan, Zhongyi"]
[Result "1/2-1/2"]
[WhiteTitle "GM"]
[BlackTitle "GM"]
[WhiteElo "2605"]
[BlackElo "2514"]
[WhiteFideId "13302531"]
[BlackFideId "8603642"]
[EventDate "2022.11.12"]

1. d4 d5 2. c4 e6 3. Nf3 Nf6 4. Nc3 Be7 5. Bf4 O-O 6. e3 c5 7. dxc5 Bxc5 8. Qc2
Nc6 9. Rd1 Qa5 10. a3 Be7 11. Be2 Ne4 12. cxd5 Nxc3 13. bxc3 exd5 14. O-O h6 15.
a4 Rd8 16. Qb3 Qc5 17. Nd4 Na5 18. Qb5 b6 19. Qxc5 Bxc5 20. Bf3 Bb7 21. Nb5 Rd7
22. Bg4 Re7 23. Bf3 Rd7 24. Bg4 Re7 25. Bf3 Rd7 1/2-1/2

[Event "chess.com SpeedChess Q2Sw"]
[Site "chess.com INT"]
[Date "2022.11.12"]
[Round "9"]
[White "Ljukin, Sergei"]
[Black "Taboas Rodriguez, Daniel"]
[Result "0-1"]
[WhiteTitle "FM"]
[BlackTitle "FM"]
[WhiteElo "2362"]
[BlackElo "2359"]
[WhiteFideId "14102200"]
[BlackFideId "2208466"]
[EventDate "2022.11.12"]

1. e4 e5 2. Nf3 Nc6 3. Bb5 Nf6 4. Qe2 d6 5. c3 Bd7 6. O-O g6 7. d4 Bg7 8. Bxc6
Bxc6 9. dxe5 dxe5 10. Nxe5 Bxe4 11. f3 Qe7 12. Nxf7 Bxb1 13. Qxe7+ Kxe7 14. Nxh8
Bf5 15. Re1+ Be6 16. Nxg6+ hxg6 17. Bf4 Nd5 18. Bg5+ Bf6 19. Bxf6+ Kxf6 20. Rad1
b5 21. g4 g5 22. Kf2 Rh8 23. Rh1 Nf4 24. Rd4 c5 25. Rd2 Bxa2 26. Ke3 Ke5 27. h4
Rxh4 28. Rxh4 gxh4 29. Rd8 h3 0-1

[Event "chess.com SpeedChess Q2Sw"]
[Site "chess.com INT"]
[Date "2022.11.12"]
[Round "9"]
[White "Bluebaum, Matthias"]
[Black "Mikaelyan, Arman"]
[Result "0-1"]
[WhiteTitle "GM"]
[BlackTitle "GM"]
[WhiteElo "2651"]
[BlackElo "2556"]
[WhiteFideId "24651516"]
[BlackFideId "13304852"]
[EventDate "2022.11.12"]

1. d4 d5 2. c4 dxc4 3. e4 b5 4. a4 c6 5. Nc3 Qb6 6. Be3 e6 7. d5 Qd8 8. axb5
cxb5 9. Nxb5 Bb4+ 10. Nc3 Bxc3+ 11. bxc3 Nf6 12. Bxc4 Nxe4 13. Bb5+ Bd7 14. dxe6
Bxb5 15. exf7+ Ke7 16. Qh5 Qd3 17. Bc5+ Nxc5 18. Nh3 Qxc3+ 19. Kd1 Rd8+ 20. Qd5
Rxd5# 0-1

[Event "chess.com SpeedChess Q2Sw"]
[Site "chess.com INT"]
[Date "2022.11.12"]
[Round "9"]
[White "Vaibhav, Jayant Raut"]
[Black "Biastoch, Bennet"]
[Result "1-0"]
[WhiteTitle "CM"]
[BlackTitle "FM"]
[WhiteElo "2247"]
[BlackElo "2232"]
[WhiteFideId "5089034"]
[BlackFideId "12939889"]
[EventDate "2022.11.12"]

1. e4 c5 2. Nf3 d6 3. d4 cxd4 4. Qxd4 Nc6 5. Bb5 a6 6. Bxc6+ bxc6 7. Nc3 e5 8.
Qd3 h6 9. Be3 Nf6 10. h3 Be6 11. O-O-O Be7 12. Nd2 d5 13. Nf3 d4 14. Bxd4 exd4
15. Nxd4 c5 16. Nxe6 Qxd3 17. Nxg7+ Kf8 18. Rxd3 Kxg7 19. e5 Nh5 20. g3 Rhd8 21.
Nd5 Bg5+ 22. Kb1 c4 23. Rd4 Rab8 24. h4 Be7 25. Nxe7 Rxd4 26. Nf5+ Kf8 27. Nxd4
Rd8 28. c3 Ng7 29. Re1 Ne6 30. Nxe6+ fxe6 31. Kc2 Ke7 32. Re4 Rf8 33. f4 Rc8 34.
g4 Rg8 35. g5 hxg5 36. fxg5 Rc8 37. g6 Rg8 38. h5 Rh8 39. Rxc4 Rxh5 40. Rg4 Kf8
41. Ra4 Rxe5 42. Rxa6 Kg7 43. a4 Kxg6 44. Ra8 Kf5 45. a5 Rd5 46. b4 e5 47. a6 e4
48. a7 1-0

[Event "chess.com SpeedChess Q2Sw"]
[Site "chess.com INT"]
[Date "2022.11.12"]
[Round "9"]
[White "Naroditsky, Daniel"]
[Black "Chigaev, Maksim"]
[Result "1-0"]
[WhiteTitle "GM"]
[BlackTitle "GM"]
[WhiteElo "2617"]
[BlackElo "2632"]
[WhiteFideId "2026961"]
[BlackFideId "4108116"]
[EventDate "2022.11.12"]

1. e4 c5 2. Nf3 e6 3. b3 a6 4. Bb2 Nc6 5. g3 Nf6 6. e5 Ng4 7. h3 Nh6 8. Bg2 Be7
9. O-O O-O 10. Nc3 f5 11. exf6 Bxf6 12. Na4 Bxb2 13. Nxb2 d5 14. Nd3 Qd6 15. Re1
Bd7 16. Nde5 Nxe5 17. Nxe5 Rae8 18. c3 d4 19. Bxb7 Nf7 20. Qh5 1-0

[Event "chess.com SpeedChess Q2Sw"]
[Site "chess.com INT"]
[Date "2022.11.12"]
[Round "9"]
[White "Dauner, Benedikt"]
[Black "Baches Garcia, Guillermo"]
[Result "1/2-1/2"]
[WhiteTitle "FM"]
[BlackTitle "IM"]
[WhiteElo "2336"]
[BlackElo "2326"]
[WhiteFideId "16225899"]
[BlackFideId "2209764"]
[EventDate "2022.11.12"]

1. d4 Nf6 2. Nf3 e6 3. g3 d5 4. Bg2 c5 5. O-O Nc6 6. c3 cxd4 7. Bg5 dxc3 8. Nxc3
Be7 9. e3 O-O 10. Nd4 h6 11. Bxf6 Bxf6 12. Nxc6 bxc6 13. Qa4 Bd7 14. Rac1 Rb8
15. Qa3 Qb6 16. b3 Qb4 17. Qxb4 Rxb4 18. Na4 Be7 19. Nc5 Bxc5 20. Rxc5 Rb5 21.
Rfc1 Rxc5 22. Rxc5 Rb8 23. Bf1 Kf8 24. Bd3 Ke7 25. Kf1 Kd6 26. Ra5 Rb7 27. Ba6
Rc7 28. Bd3 f5 29. Ke2 e5 30. Kd2 e4 31. Be2 g5 32. Kc3 Rb7 33. Ra6 Kc7 34. b4
Kb8 35. a3 Rb6 36. Ra5 Rb7 37. Kd4 Kc7 38. Ke5 Kb6 39. Kf6 Rc7 40. Ke5 Bc8 41.
Kd6 Rg7 42. Ke5 Re7+ 43. Kd4 Bb7 44. Rc5 Kc7 45. Ra5 Kb6 46. Rc5 Kc7 47. Ra5 Kb6 1/2-1/2

[Event "chess.com SpeedChess Q2Sw"]
[Site "chess.com INT"]
[Date "2022.11.12"]
[Round "9"]
[White "Podobnik, Marijan"]
[Black "Grot, Blazej"]
[Result "1-0"]
[WhiteTitle "FM"]
[BlackTitle "CM"]
[WhiteElo "2118"]
[BlackElo "1839"]
[WhiteFideId "14502151"]
[BlackFideId "21835845"]
[EventDate "2022.11.12"]

1. e4 c5 2. c3 e6 3. Nf3 Nf6 4. e5 Nd5 5. d4 cxd4 6. cxd4 b6 7. Nc3 Bb7 8. Bd3
d6 9. O-O Nd7 10. Ng5 h6 11. Qh5 hxg5 12. Qxh8 dxe5 13. Nxd5 Bxd5 14. dxe5 Qe7
15. Qh5 Nxe5 16. Bb5+ Nd7 17. Bxg5 Qc5 18. Bxd7+ Kxd7 19. Qxf7+ Be7 20. Qxe7+
Qxe7 21. Bxe7 Kxe7 22. b3 g5 23. Rac1 Kd6 24. Rfe1 a5 25. Rc2 a4 26. b4 a3 27.
Re3 Ra4 28. f3 b5 29. h3 Bc4 30. Kf2 Bd5 31. g4 Bc4 32. Kg3 Bd5 33. h4 gxh4+ 34.
Kxh4 e5 35. Kg3 Bc4 36. Rcc3 Rxb4 37. Rxa3 Rb2 38. Ra6+ Kd5 39. a3 Rb1 40. Ra8
Rg1+ 41. Kf2 Rf1+ 42. Kg2 Rd1 43. Rd8+ Ke6 44. Rxd1 Kf6 45. Kg3 1-0

[Event "chess.com SpeedChess Q2Sw"]
[Site "chess.com INT"]
[Date "2022.11.12"]
[Round "9"]
[White "Larina, Maria"]
[Black "Deev, Andrei"]
[Result "1/2-1/2"]
[WhiteTitle "WFM"]
[BlackTitle "IM"]
[WhiteElo "1948"]
[BlackElo "2390"]
[WhiteFideId "24113182"]
[BlackFideId "4102690"]
[EventDate "2022.11.12"]

1. e4 d6 2. d4 Nf6 3. Nc3 c6 4. a4 e6 5. g3 d5 6. e5 Nfd7 7. f4 c5 8. Nce2 Nc6
9. Nf3 cxd4 10. Nexd4 Nc5 11. Nxc6 bxc6 12. Bg2 Ba6 13. Nd4 Qc7 14. Kf2 Ne4+ 15.
Bxe4 dxe4 16. Be3 Be7 17. Qg4 O-O 18. Rhd1 Rab8 19. b3 c5 20. Nxe6 fxe6 21.
Qxe6+ Rf7 22. Qxa6 Qxe5 23. Qxa7 Rbf8 24. Qa6 Rxf4+ 25. Bxf4 Rxf4+ 26. gxf4
Qxf4+ 27. Kg2 Qf3+ 28. Kg1 Qe3+ 29. Kg2 Qf3+ 30. Kg1 Qe3+ 31. Kg2 Qf3+ 1/2-1/2

[Event "chess.com SpeedChess Q2Sw"]
[Site "chess.com INT"]
[Date "2022.11.12"]
[Round "9"]
[White "Ezat, Mohamed"]
[Black "Costachi, Mihnea"]
[Result "0-1"]
[WhiteTitle "IM"]
[BlackTitle "IM"]
[WhiteElo "2404"]
[BlackElo "2476"]
[WhiteFideId "10600906"]
[BlackFideId "1217518"]
[EventDate "2022.11.12"]

1. d4 g6 2. c4 Nf6 3. Nc3 Bg7 4. e4 O-O 5. Be2 d6 6. Bg5 Na6 7. Qd2 Qe8 8. h3 e5
9. d5 Nc5 10. Bf3 a5 11. g4 c6 12. Nge2 cxd5 13. cxd5 b5 14. Ng3 b4 15. Nce2 Ba6
16. Kf1 Qb5 17. Kg2 Nfxe4 18. Bxe4 Nxe4 19. Nxe4 Qxe2 20. Qxe2 Bxe2 21. Nxd6 f6
22. Be3 Rfd8 23. Bc5 Bf8 24. Ne4 Bxc5 25. Nxc5 Rxd5 26. Ne4 Kf7 27. Rhc1 Ra7 28.
Rc6 Rd4 29. f3 Ke7 30. Nxf6 Bxf3+ 31. Kxf3 Rf4+ 32. Ke3 Rxf6 33. Rac1 Rxc6 34.
Rxc6 Kd7 35. Rf6 Ke7 36. Rc6 Rd7 37. Rc5 Kd6 38. Rxa5 Rc7 39. Ra6+ Kd5 40. Ra5+
Kd6 41. Rb5 Rc4 42. Rb7 h5 43. Rb6+ Kd5 44. Rxg6 Rc2 45. Rb6 hxg4 46. hxg4 Rxb2
47. Rxb4 Rxb4 0-1

[Event "chess.com SpeedChess Q2Sw"]
[Site "chess.com INT"]
[Date "2022.11.12"]
[Round "9"]
[White "Kopylov, Alexander A."]
[Black "Kleiman, Jake"]
[Result "1-0"]
[WhiteTitle "IM"]
[BlackTitle "IM"]
[WhiteElo "2397"]
[BlackElo "2399"]
[WhiteFideId "4164857"]
[BlackFideId "2020041"]
[EventDate "2022.11.12"]

1. e4 e5 2. Nf3 Nc6 3. Bc4 Bc5 4. O-O Nf6 5. d3 O-O 6. Be3 d6 7. Nbd2 a6 8. a3
h6 9. h3 Re8 10. b4 Ba7 11. Bxa7 Rxa7 12. Nh2 d5 13. exd5 Nxd5 14. Ne4 Ra8 15.
Re1 Bf5 16. Nc5 b6 17. Qf3 Nde7 18. Ne4 Nd4 19. Qd1 Ng6 20. c3 Ne6 21. Qf3 Nh4
22. Qh5 Bg6 23. Qg4 Nf4 24. g3 Bh5 25. Qxh4 Qxh4 26. gxh4 b5 27. Bb3 Nxd3 28.
Re3 Nf4 29. Ng3 Bg6 30. Ng4 Nxh3+ 31. Kh2 Nf4 32. Nxe5 Kh7 33. Nxg6 fxg6 34.
Rae1 Rf8 35. Rf3 1-0

[Event "chess.com SpeedChess Q2Sw"]
[Site "chess.com INT"]
[Date "2022.11.12"]
[Round "9"]
[White "Novik, Maxim"]
[Black "Gabrielian, Artur"]
[Result "1-0"]
[WhiteTitle "GM"]
[BlackTitle "GM"]
[WhiteElo "2412"]
[BlackElo "2460"]
[WhiteFideId "4102924"]
[BlackFideId "4131002"]
[EventDate "2022.11.12"]

1. e4 c5 2. Nf3 d6 3. d4 cxd4 4. Nxd4 Nf6 5. Nc3 Nc6 6. Be3 Ng4 7. Bb5 Nxe3 8.
fxe3 Bd7 9. O-O e6 10. Bxc6 bxc6 11. e5 dxe5 12. Qh5 Qe7 13. Nb3 g6 14. Qxe5 f6
15. Rxf6 Bg7 16. Ne4 Rf8 17. Raf1 Bxf6 18. Nxf6+ Rxf6 19. Rxf6 O-O-O 20. Nc5 Be8
21. Rxe6 Qh4 22. h3 Bd7 23. Re7 Qc4 24. Rxd7 Rxd7 25. Qe8+ 1-0

[Event "chess.com SpeedChess Q2Sw"]
[Site "chess.com INT"]
[Date "2022.11.12"]
[Round "9"]
[White "Kukula, Pawel"]
[Black "Fernandez Siles, Luis"]
[Result "1-0"]
[BlackTitle "FM"]
[WhiteElo "2135"]
[BlackElo "2220"]
[WhiteFideId "1115081"]
[BlackFideId "2209420"]
[EventDate "2022.11.12"]

1. d4 Nf6 2. Bg5 d5 3. Nd2 Bf5 4. e3 e6 5. Ngf3 c6 6. Be2 Nbd7 7. O-O Be7 8. Nh4
Bg6 9. Nxg6 hxg6 10. c4 Bd6 11. h3 Qe7 12. e4 dxe4 13. Nxe4 Bc7 14. Bf3 Qb4 15.
Qc2 Nxe4 16. Bxe4 Qd6 17. g3 Rxh3 18. Bf4 e5 19. dxe5 Nxe5 20. Rad1 Qe6 21. Bg2
Rh5 22. Rfe1 Kf8 23. Re3 Re8 24. Rde1 Re7 25. b3 Qf6 26. Qe2 Rf5 27. Re4 g5 28.
Bc1 Bd6 29. Bb2 Qg6 30. c5 Bc7 31. g4 1-0

[Event "chess.com SpeedChess Q2Sw"]
[Site "chess.com INT"]
[Date "2022.11.12"]
[Round "9"]
[White "Tokhirjonova, Gulrukhbegim"]
[Black "Gurevich, Dmitry"]
[Result "1-0"]
[WhiteTitle "WGM"]
[BlackTitle "GM"]
[WhiteElo "2328"]
[BlackElo "2396"]
[WhiteFideId "14203626"]
[BlackFideId "2000407"]
[EventDate "2022.11.12"]

1. e4 c5 2. Nf3 d6 3. d4 cxd4 4. Nxd4 Nf6 5. Nc3 Nc6 6. Bg5 e6 7. Qd3 Be7 8.
O-O-O Nxd4 9. Qxd4 O-O 10. f4 a6 11. Kb1 b5 12. h4 Bb7 13. Bd3 Rc8 14. Ne2 Qc7
15. h5 h6 16. Bh4 d5 17. e5 Bc5 18. Qc3 Ne4 19. Qe1 b4 20. g4 d4 21. Rg1 Nc3+
22. bxc3 bxc3 23. Ka1 Ba3 24. Rb1 Bb2+ 25. Rxb2 cxb2+ 26. Kb1 Bd5 27. Nxd4 Qc5
28. Nb3 Qb6 29. Bf2 Qb7 30. g5 a5 31. gxh6 a4 32. Rxg7+ Kh8 33. Rh7+ Kg8 34.
Qg1+ Bg2 35. Rg7+ Kh8 36. Qxg2 Qxg2 37. Rxg2 axb3 38. axb3 Rg8 39. Rxg8+ Rxg8
40. Bh4 1-0

[Event "chess.com SpeedChess Q2Sw"]
[Site "chess.com INT"]
[Date "2022.11.12"]
[Round "9"]
[White "Matveeva, Olga"]
[Black "Manukian, Artak"]
[Result "0-1"]
[WhiteTitle "WIM"]
[WhiteElo "2111"]
[BlackElo "2196"]
[WhiteFideId "24107018"]
[BlackFideId "13301373"]
[EventDate "2022.11.12"]

1. d4 d5 2. c4 dxc4 3. Nf3 Nf6 4. e3 e6 5. Bxc4 c5 6. O-O a6 7. Re1 b5 8. Bf1
Bb7 9. a4 b4 10. Nbd2 Nc6 11. Nc4 cxd4 12. exd4 Be7 13. b3 O-O 14. Bb2 Nd5 15.
Nfe5 Nxe5 16. dxe5 Rc8 17. Qh5 g6 18. Qh6 Bg5 19. Qh3 Ba8 20. Rad1 Qc7 21. Nd6
Rcd8 22. Bc4 Be7 23. Qh6 Nc3 24. Rd3 Qc6 25. f3 Bxd6 26. exd6 Rxd6 27. Rde3 Qc5
28. Kh1 Rd2 29. Rxc3 Qf2 30. Rg1 Rxb2 31. Rd3 Re2 32. Rd7 Re1 0-1

[Event "chess.com SpeedChess Q2Sw"]
[Site "chess.com INT"]
[Date "2022.11.12"]
[Round "9"]
[White "Andreev, Eduard UKR"]
[Black "Mezhlumyan, Vahram"]
[Result "1/2-1/2"]
[WhiteTitle "GM"]
[BlackTitle "FM"]
[WhiteElo "2413"]
[BlackElo "2208"]
[WhiteFideId "14103400"]
[BlackFideId "13302183"]
[EventDate "2022.11.12"]

1. e4 c5 2. Nf3 e6 3. d4 cxd4 4. Nxd4 Nf6 5. Nc3 Nc6 6. Ndb5 d6 7. Bf4 e5 8. Bg5
a6 9. Na3 b5 10. Nd5 Be7 11. Bxf6 Bxf6 12. c3 Ne7 13. Nxf6+ gxf6 14. g3 Bb7 15.
Bg2 f5 16. Qe2 Qc7 17. O-O fxe4 18. Bxe4 d5 19. Bg2 O-O 20. Nc2 Rad8 21. a4 bxa4
22. Rxa4 f6 23. Rd1 Kh8 24. Ne3 Rd6 25. Qh5 d4 26. cxd4 Bxg2 27. Nxg2 Rfd8 28.
Qf7 Nd5 29. Qh5 Nb6 30. Rxa6 Rxd4 31. Rxd4 Qc1+ 32. Ne1 Qxe1+ 33. Kg2 exd4 34.
Rxb6 d3 35. Qf5 Qe7 36. Rxf6 d2 37. Rf7 Qxf7 38. Qxf7 d1=Q 39. Qf6+ Kg8 40. Qe6+
Kg7 41. Qe7+ Kg6 42. Qe6+ Kg7 43. Qe7+ Kg8 44. Qe6+ Kf8 45. Qf6+ Kg8 46. Qe6+ 1/2-1/2

[Event "chess.com SpeedChess Q2Sw"]
[Site "chess.com INT"]
[Date "2022.11.12"]
[Round "9"]
[White "Fridman, Daniel"]
[Black "Klukin, Kirill"]
[Result "1-0"]
[WhiteTitle "GM"]
[BlackTitle "IM"]
[WhiteElo "2602"]
[BlackElo "2390"]
[WhiteFideId "11600454"]
[BlackFideId "24199273"]
[EventDate "2022.11.12"]

1. Nf3 d5 2. g3 Bf5 3. Bg2 e6 4. c4 c6 5. Qb3 Qb6 6. d3 Nd7 7. O-O Ngf6 8. Nc3
h6 9. Be3 Bc5 10. d4 Qxb3 11. axb3 Bb4 12. c5 Bc2 13. Rfc1 Bxc3 14. bxc3 Bxb3
15. Nd2 Bc4 16. Nxc4 dxc4 17. Rcb1 Nd5 18. Rxb7 a5 19. Bd2 f5 20. f3 Kd8 21. e4
Kc8 22. Rb2 Nc7 23. Bf1 fxe4 24. fxe4 Nf6 25. Bg2 e5 26. Rb6 Rd8 27. Bh3+ Nd7
28. d5 cxd5 29. c6 1-0